00405nam a22001337a 450000500170000000800410001704100150005808200140007310000300008724500560011726000410017330000320021465000250024620231113131009.0231113b |||||||| |||| 00| 0 eng d aAfrikaans  a345.5 FER aFerreira, JC lAfrikaans  aStrafprosesreg in die Landdrofshof / cJC Ferreira  aKaapstad, bJuta en Kie. Bpk, c1967 blxix, 699 pages ; c26 cm.  aLegal practice bLaw